Normal view
MARC view
- Jamil,Hira Imam
Entry Personal Name
001 - CONTROL NUMBER
- control field: 8170
003 - CONTROL NUMBER IDENTIFIER
- control field: NUST
005 - DATE AND TIME OF LATEST TRANSACTION
- control field: 20180110141515.0
008 - FIXED-LENGTH DATA ELEMENTS
- fixed length control field: 180110|| aca||aabn | a|a d
040 ## - CATALOGING SOURCE
- Original cataloging agency: NUST
- Transcribing agency: NUST
100 ## - HEADING--PERSONAL NAME
- Personal name: Jamil,Hira Imam
670 ## - SOURCE DATA FOUND
- Source citation: Work cat.: (NUST): Jamil,Hira Imam, Growth Response and Toxicity Induced in Wheat Irrigated With Antibiotic Containing Water, 2017.
